00509cam a2200181 a 450000100100000000500170001000800410002702000150006803500190008304000230010208200180012510000270014324500410017026000370021130000210024865000220026965000360029100000937020200929161553.0920316s1988 sp 000 f spa  a8432246077 a(DLC) 92132281 aDO-SdBNPcDLCdDLC a863.64bN322d1 aNavarro, Justo,d1953-13aEl doble del doble /cJusto Navarro. aBarcelona :bSeix Barral,c1988. a141 p. ;c20 cm. 4aNovela española 4aLiteratura españolaySIGLO XX